|
|
|
|
| LEADER |
00000cab a2200000 a 4500 |
| 001 |
vtls012243869 |
| 003 |
SK-MaSNL |
| 005 |
20260304215302.0 |
| 008 |
231113|1958 xo ||||||| || 0||slo| |
| 015 |
|
|
|a SNBRB2023
|
| 040 |
|
|
|a SNKBUCL
|b slo
|c SNKBUCL
|e AACR2
|
| 041 |
0 |
|
|a slo
|
| 044 |
|
|
|a xo
|c SK
|
| 080 |
|
|
|a 821.162.4.09
|x Slovenská literatúra (o nej)
|2 konspekt
|
| 080 |
|
|
|a 821.162.4
|2 2011
|
| 080 |
|
|
|a (048.8)
|2 2011
|
| 080 |
|
|
|a 82-3
|2 2011
|
| 100 |
1 |
|
|a Petrík, Vladimír,
|d 1929-2017
|4 aut
|9 171168
|
| 245 |
1 |
0 |
|a Ladislav Nádaši-Jégé (1866-1940)
|c Vladimír Petrík
|
| 600 |
0 |
7 |
|a Jégé,
|d 1866-1940
|2 SNKMA
|9 100217
|
| 650 |
0 |
7 |
|a slovenská literatúra
|2 SNKPH
|9 1115
|
| 650 |
0 |
7 |
|a próza
|2 SNKPH
|9 1490
|
| 655 |
|
7 |
|a články z novín a časopisov
|2 snkbucl
|9 267496
|
| 655 |
|
7 |
|a články z odboru literárna veda a krásna literatúra
|2 snkbucl
|9 770045
|
| 655 |
|
7 |
|a štúdie
|2 SNKPH
|9 57033
|
| 773 |
0 |
|
|t Kultúrny život
|g Roč. 13, č. 47 (1958), s. 6
|x 1338-015X
|
| 850 |
|
|
|a Slovenská národná knižnica v Martine
|a MTA001
|
| 852 |
|
|
|a SNK
|b KIS3GCP
|
| 958 |
|
|
|a RK
|
| 958 |
|
|
|a LX
|
| 958 |
|
|
|a SK
|
| 958 |
|
|
|a PETRIKApb/1958
|
| 992 |
|
|
|a RBX
|
| 999 |
|
|
|c 3145721
|d 3147651
|